<?xml version="1.0" encoding="UTF-8"?>
<record
    xmlns:xsi="http://www.w3.org/2001/XMLSchema-instance"
    xsi:schemaLocation="http://www.loc.gov/MARC21/slim http://www.loc.gov/standards/marcxml/schema/MARC21slim.xsd"
    xmlns="http://www.loc.gov/MARC21/slim">

  <leader>00753nam a22001817a 4500</leader>
  <controlfield tag="003">OSt</controlfield>
  <controlfield tag="005">20251206165119.0</controlfield>
  <controlfield tag="008">251206b        |||||||| |||| 00| 0 eng d</controlfield>
  <datafield tag="040" ind1=" " ind2=" ">
    <subfield code="c">DCL</subfield>
  </datafield>
  <datafield tag="082" ind1=" " ind2=" ">
    <subfield code="a">&#x1042;&#x1049;&#x1044;.&#x1043;&#x1048;&#x1042;&#x1044;</subfield>
  </datafield>
  <datafield tag="100" ind1="0" ind2=" ">
    <subfield code="a">&#x1007;&#x1014;&#x1000;&#x102C;&#x1018;&#x102D;&#x101D;&#x1036;&#x101E;&#x104A;</subfield>
    <subfield code="c">&#x1021;&#x101B;&#x103E;&#x1004;&#x103A;&#x104B;</subfield>
  </datafield>
  <datafield tag="245" ind1="1" ind2=" ">
    <subfield code="a">&#x1021;&#x1001;&#x103C;&#x1031;&#x1015;&#x103C;&#x102F;&#x101E;&#x1004;&#x103A;&#x1039;&#x1002;&#x103C;&#x102D;&#x102F;&#x101F;&#x103A; /</subfield>
    <subfield code="c">&#x1021;&#x101B;&#x103E;&#x1004;&#x103A; &#x1007;&#x1014;&#x1000;&#x102C;&#x1018;&#x102D;&#x101D;&#x1036;&#x101E;&#x104B;</subfield>
  </datafield>
  <datafield tag="250" ind1=" " ind2=" ">
    <subfield code="a">&#x1027;&#x1000;&#x102C;&#x1012;&#x101E;&#x1019;&#x1021;&#x1000;&#x103C;&#x102D;&#x1019;&#x103A;&#x104B;</subfield>
  </datafield>
  <datafield tag="260" ind1=" " ind2=" ">
    <subfield code="a">&#x1021;&#x1019;&#x101B;&#x1015;&#x1030;&#x101B; &#x104A;</subfield>
    <subfield code="b">&#x1019;&#x101F;&#x102C;&#x1002;&#x1014;&#x1039;&#x1013;&#x102C;&#x101B;&#x102F;&#x1036;&#x1005;&#x102C;&#x1015;&#x1031;&#x104A;</subfield>
    <subfield code="c">&#x1042;&#x1040;&#x1040;&#x1044;&#x104B;</subfield>
  </datafield>
  <datafield tag="300" ind1=" " ind2=" ">
    <subfield code="a">&#x1005;&#x104A; &#x1046;&#x1043;&#x1044; &#x1005;&#x102C;&#x1019;&#x103B;&#x1000;&#x103A;&#x1014;&#x103E;&#x102C; &#x104A;</subfield>
    <subfield code="c">&#x1041;&#x1048; &#x1005;&#x1004;&#x103A;&#x1010;&#x102E;&#x104B;</subfield>
  </datafield>
  <datafield tag="650" ind1=" " ind2=" ">
    <subfield code="a">&#x101E;&#x1004;&#x103A;&#x1039;&#x1002;&#x103C;&#x102D;&#x102F;&#x101F;&#x103A;</subfield>
  </datafield>
  <datafield tag="942" ind1=" " ind2=" ">
    <subfield code="2">ddc</subfield>
    <subfield code="c">SHORT TERM</subfield>
    <subfield code="n">0</subfield>
  </datafield>
  <datafield tag="952" ind1=" " ind2=" ">
    <subfield code="0">0</subfield>
    <subfield code="1">0</subfield>
    <subfield code="2">ddc</subfield>
    <subfield code="4">0</subfield>
    <subfield code="7">0</subfield>
    <subfield code="8">M</subfield>
    <subfield code="a">DHAM</subfield>
    <subfield code="b">DHAM</subfield>
    <subfield code="c">MMBS</subfield>
    <subfield code="d">2025-12-06</subfield>
    <subfield code="l">0</subfield>
    <subfield code="o">&#x1042;&#x1049;&#x1044;.&#x1043;&#x1048;&#x1042;&#x1044; &#x1007; &#x1041;&#x1042;&#x1045;&#x1041;(&#x1041;)</subfield>
    <subfield code="p">MB00001251</subfield>
    <subfield code="r">2025-12-06 16:51:54</subfield>
    <subfield code="w">2025-12-06</subfield>
    <subfield code="y">SHORT TERM</subfield>
    <subfield code="A">&#x1041;&#x1042;&#x1045;&#x1041;</subfield>
  </datafield>
  <datafield tag="952" ind1=" " ind2=" ">
    <subfield code="0">0</subfield>
    <subfield code="1">0</subfield>
    <subfield code="2">ddc</subfield>
    <subfield code="4">0</subfield>
    <subfield code="7">0</subfield>
    <subfield code="8">M</subfield>
    <subfield code="a">DHAM</subfield>
    <subfield code="b">DHAM</subfield>
    <subfield code="c">MMBS</subfield>
    <subfield code="d">2025-12-06</subfield>
    <subfield code="l">0</subfield>
    <subfield code="o">&#x1042;&#x1049;&#x1044;.&#x1043;&#x1048;&#x1042;&#x1044; &#x1007; &#x1041;&#x1042;&#x1045;&#x1042; (&#x1042;)</subfield>
    <subfield code="p">MB00001252</subfield>
    <subfield code="r">2025-12-06 16:53:37</subfield>
    <subfield code="w">2025-12-06</subfield>
    <subfield code="y">SHORT TERM</subfield>
    <subfield code="A">&#x1041;&#x1042;&#x1045;&#x1042;</subfield>
  </datafield>
  <datafield tag="952" ind1=" " ind2=" ">
    <subfield code="0">0</subfield>
    <subfield code="1">0</subfield>
    <subfield code="2">ddc</subfield>
    <subfield code="4">0</subfield>
    <subfield code="7">0</subfield>
    <subfield code="8">M</subfield>
    <subfield code="a">DHAM</subfield>
    <subfield code="b">DHAM</subfield>
    <subfield code="c">MMBS</subfield>
    <subfield code="d">2025-12-06</subfield>
    <subfield code="l">0</subfield>
    <subfield code="o">&#x1042;&#x1049;&#x1044;.&#x1043;&#x1048;&#x1042;&#x1044; &#x1007;  &#x1043;&#x1049;&#x1049;&#x1045; (&#x1043;)</subfield>
    <subfield code="p">MB00003995</subfield>
    <subfield code="r">2025-12-06 16:54:47</subfield>
    <subfield code="w">2025-12-06</subfield>
    <subfield code="y">SHORT TERM</subfield>
    <subfield code="A">&#x1043;&#x1049;&#x1049;&#x1045;</subfield>
  </datafield>
  <datafield tag="952" ind1=" " ind2=" ">
    <subfield code="0">0</subfield>
    <subfield code="1">0</subfield>
    <subfield code="2">ddc</subfield>
    <subfield code="4">0</subfield>
    <subfield code="7">0</subfield>
    <subfield code="8">M</subfield>
    <subfield code="a">DHAM</subfield>
    <subfield code="b">DHAM</subfield>
    <subfield code="c">MMBS</subfield>
    <subfield code="d">2025-12-06</subfield>
    <subfield code="l">0</subfield>
    <subfield code="o">&#x1042;&#x1049;&#x1044;.&#x1043;&#x1048;&#x1042;&#x1044; &#x1007; &#x1044;&#x1042;&#x1042;&#x1040; (&#x1044;)</subfield>
    <subfield code="p">MB00004220</subfield>
    <subfield code="r">2025-12-06 16:55:32</subfield>
    <subfield code="w">2025-12-06</subfield>
    <subfield code="y">SHORT TERM</subfield>
    <subfield code="A">&#x1044;&#x1042;&#x1042;&#x1040;</subfield>
  </datafield>
  <datafield tag="999" ind1=" " ind2=" ">
    <subfield code="c">2666</subfield>
    <subfield code="d">2666</subfield>
  </datafield>
</record>
